Héroes de acción - Estadísticas

Estadísticas generales
  • Esta prueba ha sido intentada 168 veces
  • La puntuación promedio es 12 de 24
Estadísticas de respuestas
Imagen Hint Respuesta % Correcto
Enter the Dragon/The Way of the Dragon Bruce Lee
87%
Fast & Furious/Riddick Vin Diesel
82%
Rush Hour/Police Story Jackie Chan
81%
Tomb Raider/Mr. & Mrs. Smith Angelina Jolie
80%
The Matrix/John Wick Keanu Reeves
78%
Rocky/Rambo Sylvester Stallone
69%
Star Wars/Indiana Jones Harrison Ford
64%
UCM/Lucy Scarlett Johansson
63%
Walker Texas Ranger/Delta Force Chuck Norris
62%
Die Hard/Unbreakable Bruce Willis
61%
Terminator/Commando Arnold Schwarzenegger
60%
The Transporter/The Expendables Jason Statham
57%
A Fistful of Dollars/Dirty Harry Clint Eastwood
54%
Taken/Non-Stop Liam Neeson
54%
Kickboxer/Bloodsport Jean-Claude Van Damme
39%
007 Sean Connery
39%
True Grit/Rio Bravo John Wayne
28%
Mad Max/Lethal Weapon Mel Gibson
25%
Blade/Demolition Man Wesley Snipes
24%
Resident Evil/The Fifth Element Milla Jovovich
22%
Death Wish/The Great Escape Charles Bronson
17%
Escape from New York/The Thing Kurt Russell
17%
Ben-Hur/Planet of the Apes Charlton Heston
16%
Unleashed/Once Upon a Time in China Jet Li
16%
No se encontraron pruebas coincidentes
Distribución de puntuación
Porcentaje de gente con cada puntuación
Porcentaje por número respondido
Historial de tus puntuaciones
No has intentado esta prueba.